000 01191cam a22003134a 4500
001 16311644
003 OSt
005 20231204162204.0
008 100701s2010 nyu b 001 0 eng
010 _a 2010027458
020 _a9780231149860 (cloth)
020 _a9780231526425 (ebook)
040 _aDLC
_cDLC
_dDLC
043 _aa-ii---
050 0 0 _aBL1150
_b.N53 2010
082 0 0 _a294.509
_bNIC/U
100 1 _aNicholson, Andrew J.
_910017
245 1 0 _aUnifying Hinduism :
_bphilosophy and identity in Indian intellectual history /
_cAndrew J. Nicholson.
260 _aNew York :
_bColumbia University Press,
_cc2010.
300 _axii, 266 p. ;
_c24 cm.
490 0 _aSouth Asia across the disciplines
504 _aIncludes bibliographical references and index.
650 0 _aHinduism
_xHistory.
651 0 _aIndia
_xIntellectual life.
856 4 2 _3Book review (H-Net)
_uhttp://www.h-net.org/reviews/showrev.php?id=32207
906 _a7
_bcbc
_corignew
_d1
_eecip
_f20
_gy-gencatlg
942 _2ddc
_cBK
_h294.509
_iNIC/U
_k294.509
_mNIC/U
999 _c43836
_d43836